000 00284nam a2200121 i 4500
001 bg
245 0 _aSitemy ocuwstwlenija i abapmiwnye promyslennye roboty.
260 _aMoskwa,
_c1985.
040 _cBPK
041 _apol
942 _cKS
008 s pl f |000 0 pol
999 _c28359
_d28359
856 _uhttp://koha.tu.koszalin.pl/cgi-bin/koha/opac-detail.pl?biblionumber=28359
_yKatalog online BPK